Yearbook of U.S.-Japan economic relations 1979

में बचाया:
ग्रंथसूची विवरण
स्वरूप: पुस्तक
भाषा:Undetermined
प्रकाशित: Tokyo U.S. -Japan Trade Council 1979
विषय:
टैग : टैग जोड़ें
कोई टैग नहीं, इस रिकॉर्ड को टैग करने वाले पहले व्यक्ति बनें!
Thư viện lưu trữ: Trung tâm Học liệu Trường Đại học Cần Thơ
LEADER 00494nam a2200169Ia 4500
001 CTU_97635
008 210402s9999 xx 000 0 und d
082 |a 337.5207305 
082 |b Y39 
245 0 |a Yearbook of U.S.-Japan economic relations 1979 
260 |a Tokyo 
260 |b U.S. -Japan Trade Council 
260 |c 1979 
650 |a International trade,International economic relations 
650 |z Japan 
904 |i M.Loan 
980 |a Trung tâm Học liệu Trường Đại học Cần Thơ